000 00697nam a2200217 a 4500
001 000008374
005 20240412074207.0
008 090916t2005 dr 000 j spa d
020 _a9993498491
040 _aDO-SdBNP
_bspa
_cBNPHU
082 _aRD863.44
_bV145c
100 1 _aValdez, Diógenes,
_d1941-2014
_914890
245 1 0 _aCuentos escogidos /
_cDiógenes Valdez.
260 _aSanto Domingo :
_bNacional,
_c2005.
300 _a106 p. ;
_c23 cm.
500 _aIncluye datos biográficos del autor en la solapa de la cubierta
590 _aInventariado, 2020 /LP
650 0 _aCuentos dominicanos
_9176
650 0 _aLiteratura dominicana.
_967
910 _aValidado. Control de calidad EMS
999 _c8145
_d8145